| 000 | 01451ncm a2200325 c 4500 | ||
|---|---|---|---|
| 003 | BLK | ||
| 005 | 20241004155836.0 | ||
| 008 | 180414b bul |a|er|||| |0| c|bulo| | ||
| 010 | _aNOT00000249000 | ||
| 040 | _aBLK | ||
| 041 |
_aRUS _cBUL |
||
| 080 |
_aОпера. Музикална драма. Романтична опера. Опера-приказка _b782.1 _x _z782.1 |
||
| 100 | 1 |
_aМусоргски, Модест Петрович _d1839 - 1881 _eпърви автор _9222175 |
|
| 700 | 1 |
_aГогол, Николай Василиевич _eпо _954566 |
|
| 700 | 1 |
_aЛамм, Павел Александрович _eоркестрация _987559 |
|
| 139 |
_aМусоргски, Модест _bМ 95 |
||
| 245 | 1 | 0 |
_aСорочинска ярмарка _bОпера в 3 д. _cМодест Мусоргски; по Николай Василиевич Гогол; оркестрация Павел Александрович Ламм. |
| 254 | _aКлавир | ||
| 257 | _aRUS | ||
| 260 |
_аМосква _bМузгиз 25847 _c1957 |
||
| 300 |
_a250 с. ; с прил. от първия ред. _c29 см |
||
| 380 | _a7 | ||
| 500 | _aНедостающие сцены досочиния Висарион Шебалин | ||
| 852 |
_aЦб М ІІ 1590 _p0 |
||
| 856 | 4 |
_qpdf _u |
|
| 856 | 4 |
_qpdf _u |
|
| 942 |
_cNOT _n0 |
||
| 944 |
_aCR _c13.11.2003 _k30560 _lГеновева Генчева |
||
| 944 |
_aED _c23.11.2004 _k |
||
| 999 |
_c296899 _d296899 |
||